000 00824nam a2200265 a 4500
008
020 _a0397584016 (hbk.)
049 _aMAIN
090 _aQP34.5 ESS.
245 0 0 _aEssential medical physiology /
_cedited by Leonard R. Johnson ; with contributions by John H. Byrne ... [et al.].
250 _a2nd ed.
260 _aPhiladelphia :
_bLippincott-Raven,
_cc1998.
300 _axii, 858 p. :
_bill. (some col.) ;
_c29 cm.
504 _aIncludes bibliographical references.
500 _aIncludes index.
650 0 _aHuman physiology.
650 1 2 _aPhysiology.
700 1 _aJohnson, Leonard R.
700 1 _aByrne, John H.
907 _a.b10150328
_b17-01-07
_c04-02-05
003
005 20230123133920.0
040 _cNUST
942 _cBOOKS
_kQP34.5 ESS.
999 _c156818
_d156818